Estilos de liderazgo en honorables diputados: Congreso Nacional de Chile /

Gorde:
Xehetasun bibliografikoak
Egile nagusia: Ganga Contreras, Francisco
Beste egile batzuk: Saez, Cristina
Formatua: Texto
Gaiak:
Etiketak: Etiketa erantsi
Etiketarik gabe, Izan zaitez lehena erregistro honi etiketa jartzen!

MARC

LEADER 00000 a a2200000 04500
001 7366
003
040
100 |a Ganga Contreras, Francisco  
245 |a Estilos de liderazgo en honorables diputados:   |b Congreso Nacional de Chile /  |c Francisco Ganga Contreras 
650 |a LIDERAZGO  
650 |a POLITICOS  
650 |a PARLAMENTO  
650 |a DEMOCRACIA  
650 |a AUTORITARISMO  
650 |a LIBERALISMO  
650 |a CHILE  
700 |a Saez, Cristina  
773 |g volumen 17, número 1; páginas 53-72  
999 |c 26347  |d 26347